00000000cam 2200000zi 4500
0019.959570
003CaOODSP
00520260512103058
006m     o  d f      
007cr mn|||||||||
008260204t20262026oncbd   ob   f000 0 fre d
020 |a9780660982489
040 |aCaOODSP|bfre|erda|cCaOODSP
043 |an-cn---
0861 |aFA1-27/2026-1-5F-PDF
1101 |aCanada. |bBureau du vérificateur général, |eauteur, |eorganisme de publication.
24510|aNouvelles initiatives financières avec les Premières Nations : |brapport de l'auditeur indépendant.
264 1|a[Ottawa] : |bBureau du vérificateur général du Canada = Office of the Auditor General of Canada, |c2026.
264 4|c©2026
300 |a1 ressource en ligne (v, 25 pages) : |bcarte, graphiques.
336 |atexte|btxt|2rdacontent/fre
337 |ainformatique|bc|2rdamedia/fre
338 |aressource en ligne|bcr|2rdacarrier/fre
4901 |aRapports de la vérificatrice générale du Canada au Parlement du Canada, |x2561-3456
500 |aPublié aussi en anglais sous le titre : New fiscal initiatives with First Nations : independent auditor's report.
504 |aComprend des références bibliographiques.
61016|aCanada. |bServices aux Autochtones Canada|xAudit.
650 5|aAide de l'État aux Peuples autochtones|zCanada|xAudit.
650 6|aAutochtones|zCanada|xRelations avec l'État|xÉvaluation.
650 6|aAutochtones|xServices|zCanada|xFinances|xAudit.
77508|tNew fiscal initiatives with First Nations : |w(CaOODSP)9.959569
830#0|aRapports du vérificateur général du Canada au Parlement du Canada.|w(CaOODSP)9.846693
85640|qPDF|s1.36 Mo|uhttps://publications.gc.ca/collections/collection_2026/bvg-oag/FA1-27-2026-1-5-fra.pdf|z[Rapport]
8564 |qHTML|sS.O.|uhttps://www.canada.ca/fr/verificateur-general/notre-travail/rapports-daudit/verificatrice-generale-202605-nouvelles-initiatives-financieres-avec-premieres-nations.html|z[Sommaire]